000 00605nam a22001937a 4500
003 OSt
005 20260203062436.0
008 260203b |||||||| |||| 00| 0 eng d
020 _a971-08-5192-6
040 _aDWC-Main Lib.
_cOC
082 _aFil. 428 P415e 1992
100 _aPerez, Alfonzo D.
245 _aEnglish in a new perspective/
_cAlfonzo D. Perez
260 _aMandaluyong City, Phils. :
_bNational book store,
_cc1992.
300 _axvii, 198 p. ;
_c22 cm.
500 _aInclude bibliography.
650 _a1. English language--Study and teaching.
942 _2ddc
_cBK - FIL
_hFil.
_n0
999 _c8197
_d8197